Reunión de la comisión superior de ordenación provincial de Barcelona
Colección:
San Jorge,
; núm. 2 (abril 1951), pàg. 74
Idioma:
Español
MARC
| LEADER | 00000naa a2200000 a 4500 | ||
|---|---|---|---|
| 003 | Arxiu | ||
| 005 | 20260324181040.0 | ||
| 008 | 160829s1951 spc xx s spa c | ||
| 040 | |a agdb | ||
| 245 | 0 | 0 | |a Reunión de la comisión superior de ordenación provincial de Barcelona |
| 490 | |a San Jorge, |v núm. 2 (abril 1951), pàg. 74 | ||
| 650 | 0 | |a Ordenació del territori |z Barcelona (Província) |9 45062 | |
| 773 | |t San Jorge. |g Núm. 2 (abril 1951), pàg. 74 | ||
| 901 | |a Arxiu | ||
| 942 | |n 1 |2 udc |c ART | ||
| 952 | |0 0 |1 0 |4 0 |7 1 |9 64536 |a Arxiu |b Arxiu |d 2022-11-30 |o Rev-508 |r 2022-11-30 00:00:00 |w 2022-11-30 |y ARXIU |z També disponible a Rev-521 | ||
| 999 | |c 48981 |d 48981 | ||